[Event "Burrrrrrrr"]
[Site "http://www.queenalice.com/game.php?id=694986"]
[Date "2009.12.9"]
[Round "-"]
[White "PauperRon"]
[Black "Timinator"]
[Result "1-0"]
[WhiteElo "1672"]
[BlackElo "1373"]

1. e4 e5 2. Bc4 Bc5 3. Qf3 Nf6 4. Ne2 O-O 5. O-O d6 6. h3 Nc6 7. c3 Na5 8. d3
Nxc4 9. dxc4 c6 10. Bg5 d5 11. cxd5 Qd6 12. Bxf6 gxf6 13. c4 a6 14. a3 b5 15. b4
Ba7 16. c5 Qd7 17. d6 a5 18. Qxf6 Bb7 19. Qg5+ Kh8 20. Qxe5+ Kg8 21. Qg5+ Kh8
22. Nf4 Rg8 23. Qf6+ Rg7 24. Nh5 Rg8 25. Nxg7 Rxg7 26. Kh2 Kg8 27. g4 Rg6 28.
Qf5 Qd8 29. Kg3 Bc8 30. Qf4 Be6 31. Nd2 Qf8 32. Qe3 Bb8 33. e5 f6 34. f4 f5 35.
g5 a4 36. Kf2 h6 37. h4 h5 38. Qf3 Qe8 39. Qxh5 Qf7 40. Qf3 Bd5 41. Qe3 Qh7 42.
Qh3 Qh5 43. Ke3 Kf7 44. Qxf5+ Kg7 45. Qh3 Be6 46. Qg3 Bf5 47. Rae1 Re6 48. Ne4
Kg6 49. Nf6 Qh8 50. h5+ Kf7 51. g6+ Kg7 52. Qg5 Bh3 53. Rh1 Qh6 54. Qxh6+ Kxh6
55. Rxh3 Kg7 56. Rg1 Kh6 57. g7 1-0

[Event "Longer days"]
[Site "http://www.queenalice.com/game.php?id=704319"]
[Date "2009.12.27"]
[Round "-"]
[White "Timinator"]
[Black "PauperRon"]
[Result "0-1"]
[WhiteElo "1375"]
[BlackElo "1676"]

1. e4 e5 2. Nf3 d6 3. h3 Be7 4. Bc4 Nf6 5. O-O Nxe4 6. d3 Nc5 7. d4 exd4 8. Qxd4
O-O 9. Bd3 Nc6 10. Qf4 Bf6 11. g4 Ne6 12. Qe4 g6 13. Bh6 Re8 14. Be3 d5 15. Qa4
a6 16. c3 b5 17. Qb3 d4 18. c4 bxc4 19. Bxc4 dxe3 20. Qxe3 Bxb2 21. Nbd2 Bxa1
22. Rxa1 Qf6 23. Re1 Bd7 24. Ne4 Qg7 25. Rd1 Re7 26. g5 Nxg5 27. Nfxg5 h6 28.
Nf3 Bf5 29. Bd3 Rd8 30. Rd2 Bxe4 31. Kf1 Bxd3+ 32. Qxd3 Rxd3 33. Rxd3 Ne5 34.
Re3 Qf6 35. a4 Nxf3 36. a5 Rxe3 37. fxe3 Nd2+ 38. Ke2 Nc4 39. Kd3 Nxa5 40. e4 c5
41. Ke3 c4 42. Kd2 Qb2+ 43. Ke3 c3 44. e5 c2 45. Ke4 c1=R 46. Kd5 Qd2+ 47. Ke4
Re1+ 48. Kf3 Qe3+ 49. Kg4 Rg1+ 50. Kh4 Qf4# 0-1

[Event "Rainy Day People"]
[Site "http://www.queenalice.com/game.php?id=718362"]
[Date "2010.1.22"]
[Round "-"]
[White "PauperRon"]
[Black "KingJohn"]
[Result "1-0"]
[WhiteElo "1680"]
[BlackElo "1704"]

1. e4 e5 2. Bc4 Nf6 3. d3 Nc6 4. c3 Be7 5. Bg5 O-O 6. Bxf6 Bxf6 7. Nf3 d6 8. h3
Be6 9. Bxe6 fxe6 10. c4 Qe7 11. O-O Bh4 12. g3 Bg5 13. Nh2 Nd4 14. Kg2 Rf6 15.
f3 Raf8 16. Nd2 h5 17. Nb3 b6 18. Nxd4 exd4 19. f4 Bh6 20. Qxh5 Qf7 21. Qxf7+
R8xf7 22. Ng4 Rg6 23. Rf3 c6 24. e5 d5 25. cxd5 cxd5 26. Rc1 a5 27. a4 Kh7 28.
Rc6 Rb7 29. b3 b5 30. Rc5 bxa4 31. bxa4 Rb2+ 32. Rf2 Rb3 33. Rd2 1-0

[Event "Warmest Jan in History"]
[Site "http://www.queenalice.com/game.php?id=722888"]
[Date "2010.1.30"]
[Round "-"]
[White "PauperRon"]
[Black "Timinator"]
[Result "1-0"]
[WhiteElo "1697"]
[BlackElo "1430"]

1. e4 e5 2. Bc4 Nf6 3. d3 Bc5 4. Bg5 h6 5. Bxf6 Qxf6 6. Nf3 Nc6 7. c3 a6 8. a3
b5 9. Bd5 Bb7 10. Bxc6 Bxc6 11. b4 Bb6 12. O-O g5 13. g3 g4 14. Nh4 O-O-O 15.
Qxg4 Rhg8 16. Qe2 d5 17. Nd2 d4 18. c4 Ba7 19. c5 Bb7 20. Nf5 Rde8 21. Nf3 Qg6
22. N3h4 Qg5 23. f3 Kb8 24. f4 exf4 25. Rxf4 Bc8 26. Nxd4 Bg4 27. Ndf3 Qg7 28.
e5 c6 29. d4 Kb7 30. Re1 Bb8 31. Qe4 f6 32. Nf5 Qg6 33. Nd6+ Bxd6 34. Qxg6 Rxg6
35. cxd6 fxe5 36. dxe5 Be6 37. Kf2 Kb6 38. h4 c5 39. bxc5+ Kxc5 40. Rc1+ Kb6 41.
Re4 Rf8 42. Kg2 Bg4 43. Re3 a5 44. Nd4 a4 45. Rc6+ Ka5 46. Rc5 Bd7 47. e6 Kb6
48. Rce5 Bc6+ 49. Nxc6 Kxc6 50. d7 Rd8 51. e7 Kxd7 52. exd8=Q+ Kxd8 53. Rxb5 Rc6
54. Rb7 Kc8 55. Rh7 Kd8 56. Kh3 Rb6 57. Ree7 Rg6 58. Ra7 Re6 59. Ra8# 1-0

[Event "About March"]
[Site "http://www.queenalice.com/game.php?id=735796"]
[Date "2010.2.22"]
[Round "-"]
[White "Timinator"]
[Black "PauperRon"]
[Result "0-1"]
[WhiteElo "1464"]
[BlackElo "1702"]

1. d4 d5 2. Nc3 e6 3. e4 dxe4 4. Nxe4 Nf6 5. f3 h6 6. c4 Bb4+ 7. Bd2 Bxd2+ 8.
Qxd2 O-O 9. g4 g5 10. h4 Nxe4 11. Qe3 Ng3 12. Rh3 Nxf1 13. Kxf1 f6 14. hxg5 hxg5
15. f4 Nc6 16. Nf3 Kf7 17. fxg5 f5 18. Rh6 Rh8 19. Ne5+ Nxe5 20. Qxe5 Rxh6 21.
gxh6 Qf6 22. Qxc7+ Kg6 23. Qf4 fxg4 24. Qxf6+ Kxf6 25. Kg2 Bd7 26. Rf1+ Kg6 27.
Kg3 Kxh6 28. Rf7 Rd8 29. Kxg4 Kg6 30. Rf4 e5+ 31. Kf3 exf4 32. Kxf4 Re8 33. b4
Re2 34. a4 Bxa4 35. d5 Kf6 36. d6 Ke6 37. c5 Kd7 38. Kf3 Rb2 39. Ke4 Rxb4+ 40.
Kd5 Bc6+ 41. Ke5 a5 42. Kf5 a4 43. Ke5 a3 0-1

[Event "Up Some, Down Some"]
[Site "http://www.queenalice.com/game.php?id=744177"]
[Date "2010.3.10"]
[Round "-"]
[White "PauperRon"]
[Black "Timinator"]
[Result "1-0"]
[WhiteElo "1708"]
[BlackElo "1451"]

1. e4 e5 2. Bc4 Nf6 3. Qf3 Be7 4. d3 Nc6 5. c3 d6 6. h3 Be6 7. Bxe6 fxe6 8. Bg5
Qd7 9. Bxf6 Bxf6 10. Ne2 O-O-O 11. O-O g5 12. Qxf6 Rhg8 13. Qf3 Qg7 14. Qe3 b6
15. Nd2 g4 16. hxg4 Qxg4 17. Qf3 Qg5 18. Rad1 Rdf8 19. Qh3 h5 20. Nf3 Qg6 21.
Nh4 Qg5 22. Qxe6+ Kb7 23. Qh3 Ne7 24. f3 Ng6 25. Nxg6 Rxg6 26. Kf2 Rfg8 27. g3
d5 28. Rg1 d4 29. f4 Qf6 30. Qxh5 Qe6 31. f5 Rg5 32. Qxg5 Rxg5 33. fxe6 Rg7 34.
cxd4 Re7 35. dxe5 Rxe6 36. d4 c5 37. Nf4 Re7 38. e6 c4 39. d5 b5 40. d6 Rh7 41.
e7 Ka6 42. e8=Q Ka5 43. Rd5 a6 44. Rc1 Kb4 45. Qc6 Rh2+ 46. Ng2 c3 47. Qxc3+ Ka4
48. Rd4+ b4 49. Qxb4# 1-0

[Event "Shakin!"]
[Site "http://www.queenalice.com/game.php?id=756670"]
[Date "2010.4.5"]
[Round "-"]
[White "Timinator"]
[Black "PauperRon"]
[Result "0-1"]
[WhiteElo "1445"]
[BlackElo "1714"]

1. e4 e5 2. Nf3 d6 3. Nc3 Be6 4. b3 Nf6 5. Bc4 Bxc4 6. bxc4 Be7 7. d4 exd4 8.
Nxd4 O-O 9. Nf5 g6 10. Bh6 Re8 11. Nd4 c5 12. Nf3 Nc6 13. Nh4 Bf8 14. Bg5 Bg7
15. O-O Qd7 16. h3 Nxe4 17. Nxe4 Rxe4 18. g4 h6 19. Qd3 Bxa1 20. Qxe4 hxg5 21.
Nf3 Bf6 22. h4 gxh4 23. Qf4 Kg7 24. g5 Be5 25. Qxh4 Rh8 26. Qe4 Qh3 27. Nxe5
Qh2# 0-1

[Event "Spring in my step"]
[Site "http://www.queenalice.com/game.php?id=762427"]
[Date "2010.4.17"]
[Round "-"]
[White "PauperRon"]
[Black "Timinator"]
[Result "1-0"]
[WhiteElo "1719"]
[BlackElo "1432"]

1. e4 Nc6 2. d4 e6 3. Bb5 Nge7 4. Bxc6 Nxc6 5. Nf3 f6 6. O-O g5 7. Be3 b6 8. c4
h5 9. Nc3 Bh6 10. Re1 f5 11. d5 g4 12. Nd4 Ne7 13. exf5 exf5 14. Bxh6 Rxh6 15.
Nxf5 Rf6 16. Nxe7 Kf7 17. Qd3 d6 18. Qh7+ Ke8 19. Nc6+ Be6 20. Nxd8 Rxd8 21.
Rxe6+ Rxe6 22. dxe6 d5 23. Qf7# 1-0

[Event "May We Play?"]
[Site "http://www.queenalice.com/game.php?id=771103"]
[Date "2010.5.5"]
[Round "-"]
[White "Timinator"]
[Black "PauperRon"]
[Result "0-1"]
[WhiteElo "1439"]
[BlackElo "1724"]

1. d4 d5 2. Nc3 e6 3. Bf4 Bb4 4. Qd3 Ne7 5. O-O-O Bxc3 6. Qxc3 Nbc6 7. Nf3 O-O
8. a3 h6 9. Ne5 Nxe5 10. Bxe5 c6 11. h4 f6 12. Bg3 Bd7 13. Qb4 b5 14. Bd6 Re8
15. h5 Nf5 16. g4 Nxd6 17. Qxd6 Qe7 18. Qf4 e5 19. Qg3 e4 20. Bh3 Rac8 21. f4
exf3 22. Qxf3 Qe3+ 23. Qxe3 Rxe3 24. Rh2 Rg3 25. Bg2 Bxg4 26. Bf3 Bxf3 27. exf3
Rxf3 28. Re2 Kf7 29. Rde1 Rc7 30. Kd2 Rf5 31. c3 Rxh5 32. b3 Rh4 33. a4 a6 34.
Rg1 g5 35. Rg3 Re7 36. Rge3 Rxe3 37. Rxe3 Re4 38. Rh3 Kg6 39. Kd3 f5 40. c4 f4
41. Rh1 f3 42. cxd5 cxd5 43. axb5 axb5 44. Kc3 g4 45. Kb4 Rxd4+ 46. Kxb5 g3 47.
Kc5 Rg4 48. b4 g2 49. Rh3 g1=Q+ 50. Kxd5 Rxb4 51. Rxf3 Qg5+ 52. Ke6 Rb6+ 53. Kd7
Qd5+ 54. Kc7 Qc6+ 55. Kd8 Qd6+ 56. Ke8 Rb8# 0-1

[Event "It's Almost Done"]
[Site "http://www.queenalice.com/game.php?id=790234"]
[Date "2010.6.15"]
[Round "-"]
[White "PauperRon"]
[Black "Timinator"]
[Result "1-0"]
[WhiteElo "1729"]
[BlackElo "1447"]

1. e4 e5 2. Bc4 Bc5 3. Qf3 f6 4. d3 Nh6 5. Bxh6 gxh6 6. Qh5+ Ke7 7. Nf3 Qf8 8.
O-O Rg8 9. Bxg8 Qxg8 10. Nxe5 Bd6 11. Ng4 Bf4 12. g3 d6 13. Nxh6 Qg6 14. Qxg6
hxg6 15. gxf4 Nc6 16. c3 Be6 17. f3 Rh8 18. f5 gxf5 19. Nxf5+ Kf7 20. Nd2 Ne5
21. d4 Nd3 22. b3 a5 23. Ng3 Nf4 24. Kh1 Bh3 25. Rf2 c5 26. Nc4 Ke7 27. Nxa5 Nd3
28. Rd2 Nf4 29. d5 b6 30. Nc6+ Kd7 31. Kg1 Ke8 32. a4 Kf7 33. c4 Kg6 34. Ne7+
Kf7 35. Nef5 Kg6 36. Nxd6 Kg5 37. Ndf5 Bxf5 38. Nxf5 Rh3 39. Rf1 Ng6 40. d6 Ne5
41. Kg2 Rh5 42. f4+ Kg4 43. fxe5 fxe5 44. d7 1-0

[Event "Rough World"]
[Site "http://www.queenalice.com/game.php?id=806108"]
[Date "2010.7.20"]
[Round "-"]
[White "Timinator"]
[Black "PauperRon"]
[Result "0-1"]
[WhiteElo "1468"]
[BlackElo "1734"]

1. Nc3 d5 2. d4 e6 3. Bf4 Bd6 4. e3 Bxf4 5. exf4 Ne7 6. Bd3 O-O 7. Nf3 Nbc6 8.
Qd2 Bd7 9. g4 h6 10. h4 f5 11. Rg1 fxg4 12. Ne5 h5 13. Ng6 Nxg6 14. Bxg6 Be8 15.
Qd3 Bxg6 16. Qxg6 Qe8 17. Qd3 Nb4 18. Qe2 Rxf4 19. O-O-O a6 20. a3 Nc6 21. Rde1
Rf6 22. Nxd5 Rf7 23. Qxe6 Qxe6 24. Rxe6 Nxd4 25. Re5 Nf3 26. Rge1 Nxe1 27. Rxe1
Kh7 28. Re5 g6 29. c4 c6 30. b4 cxd5 31. Rxd5 Kh6 32. Rd2 Raf8 33. c5 Rxf2 34.
Rd7 Rh2 35. Rd2 Rxd2 36. Kxd2 Rf3 37. Ke2 Rxa3 38. Kf2 Rb3 0-1

[Event "Toasty"]
[Site "http://www.queenalice.com/game.php?id=814192"]
[Date "2010.8.6"]
[Round "-"]
[White "PauperRon"]
[Black "Timinator"]
[Result "1-0"]
[WhiteElo "1739"]
[BlackElo "1449"]

1. e4 e5 2. Nf3 Nc6 3. c3 d5 4. Bb5 Bd7 5. exd5 e4 6. dxc6 bxc6 7. Bxc6 Bxc6 8.
Nd4 Qf6 9. O-O Bd6 10. Nxc6 Qh6 11. g3 Nf6 12. d3 Qh3 13. Qe2 O-O 14. dxe4 h6
15. e5 Rae8 16. f4 Ng4 17. Qg2 Bc5+ 18. Nd4 Qh5 19. Nd2 Ne3 20. Qf3 Ng4 21. Qe2
Re6 22. Kh1 Bxd4 23. cxd4 Rd8 24. Nf3 f6 25. h4 Rd5 26. Bd2 c5 27. Qc4 Qf5 28.
Qxd5 cxd4 29. Nxd4 fxe5 30. Nxf5 Kf7 31. fxe5 Nxe5 32. Nd4+ 1-0

[Event "In Season"]
[Site "http://www.queenalice.com/game.php?id=831378"]
[Date "2010.9.11"]
[Round "-"]
[White "Timinator"]
[Black "PauperRon"]
[Result "0-1"]
[WhiteElo "1427"]
[BlackElo "1743"]

1. Nc3 d5 2. d4 e6 3. e4 Bb4 4. Qd3 dxe4 5. Qe3 Nf6 6. Bd2 Bxc3 7. Bxc3 O-O 8.
f3 exf3 9. Nxf3 Nd5 10. Qe4 f5 11. Qd3 Nc6 12. O-O-O a6 13. h4 h6 14. Ne5 Nxe5
15. dxe5 Bd7 16. b3 Bb5 17. Qd4 Bxf1 18. Rdxf1 g6 19. h5 g5 20. Bd2 b6 21. Qc4
c5 22. a4 a5 23. c3 Qc7 24. g4 Qxe5 25. Re1 Qd6 26. Re2 f4 27. Rhe1 Rae8 28. Qa6
Nf6 29. c4 Nxg4 30. Bxa5 f3 31. Re4 f2 32. Rf1 Nh2 33. Qxb6 Qxb6 34. Bxb6 Nxf1
35. Bxc5 Rf5 36. b4 Ng3 37. Bxf2 Nxe4 38. Bb6 Nc3 39. a5 Na4 40. Bc7 Rc8 41. Bd6
Rxc4+ 42. Kd2 Rd5+ 43. Ke3 Rxd6 44. b5 Rd5 45. b6 Rxa5 46. b7 Rb5 47. Kd3 Rf4
48. Ke3 Rb3+ 49. Kd2 Rf2+ 50. Kc1 Rxb7 51. Kd1 Rb1# 0-1

[Event "Coming Snow?"]
[Site "http://www.queenalice.com/game.php?id=877383"]
[Date "2010.12.27"]
[Round "-"]
[White "PauperRon"]
[Black "Timinator"]
[Result "1-0"]
[WhiteElo "1746"]
[BlackElo "1426"]

1. e4 e5 2. Bc4 Nf6 3. d3 d6 4. Bg5 Be6 5. Bxe6 fxe6 6. Nf3 h6 7. Bxf6 Qxf6 8.
O-O d5 9. exd5 exd5 10. Re1 Nd7 11. c3 b5 12. b4 c5 13. bxc5 Nxc5 14. d4 e4 15.
dxc5 Bxc5 16. Qxd5 Rc8 17. Rxe4+ Be7 18. Nbd2 Qxc3 19. Rae1 Rc7 20. Qa8+ Rc8 21.
Rxe7+ Kf8 22. Re8+ Kf7 23. Qb7+ Kg6 24. R1e6+ Kf5 25. Qe4# 1-0

[Event "Lonely King in a Doublewide"]
[Site "http://www.queenalice.com/game.php?id=883563"]
[Date "2011.1.9"]
[Round "-"]
[White "PauperRon"]
[Black "KingJohn"]
[Result "1-0"]
[WhiteElo "1749"]
[BlackElo "1674"]

1. e4 e5 2. Bc4 Nf6 3. d3 h6 4. Be3 Be7 5. Nf3 Nc6 6. O-O Ng4 7. Re1 O-O 8. a3
Nxe3 9. Rxe3 Bc5 10. Re2 d6 11. h3 a6 12. b4 Ba7 13. c3 Qf6 14. Kh1 Ne7 15. Qf1
Ng6 16. Rd2 Nf4 17. Ng1 Kh8 18. g3 Nh5 19. Qg2 Qg6 20. d4 exd4 21. cxd4 c6 22.
Nc3 b5 23. Bb3 Bb7 24. Kh2 Rae8 25. Bc2 Qe6 26. Nge2 Nf6 27. Qf3 Bc8 28. g4 Bb8
29. Nf4 Qd7 30. Rg1 d5 31. e5 g5 32. Bf5 Qa7 33. Bxc8 Rxc8 34. Ng2 a5 35. Qxf6+
Kh7 36. h4 Rg8 37. h5 Rce8 38. Kh3 Re6 39. Qf5+ Kh8 40. f4 Qe7 41. Na2 f6 42.
Rf1 a4 43. Nc1 Bc7 44. Ne2 Rg7 45. Rf3 Rg8 46. Re3 Qf7 47. Rd1 Bd8 48. Rf1 Be7
49. Rff3 Bd8 50. Qc2 gxf4 51. Ngxf4 f5 52. Ng6+ 1-0

[Event "Spring in January?"]
[Site "http://www.queenalice.com/game.php?id=887358"]
[Date "2011.1.17"]
[Round "-"]
[White "Timinator"]
[Black "PauperRon"]
[Result "0-1"]
[WhiteElo "1470"]
[BlackElo "1762"]

1. e4 e5 2. g3 d5 3. Bg2 d4 4. d3 h6 5. Ne2 Nf6 6. O-O Bd6 7. c3 Nc6 8. Bd2 Bc5
9. b4 Bb6 10. b5 Na5 11. c4 c6 12. Bb4 c5 13. Bxa5 Bxa5 14. Qa4 O-O 15. Na3 Bd7
16. f4 Bg4 17. Nc1 exf4 18. Rxf4 Bd2 19. e5 Bxf4 20. gxf4 Nh5 21. Bxb7 Rb8 22.
Qxa7 Qe7 23. Qb6 Rxb7 24. Qc6 Rc8 25. Qe4 g6 26. Kg2 f5 27. Qd5+ Kg7 28. h3
Nxf4+ 29. Kg3 Nxd5 30. cxd5 Qxe5+ 31. Kg2 Bh5 32. Nc4 Qxd5+ 33. Kg3 Rxb5 34. a4
Rbb8 35. Ne2 Bxe2 36. Ra3 Bxd3 37. Nd2 Qe5+ 38. Kf2 Qe2+ 39. Kg3 Qxd2 40. Ra1
f4+ 41. Kg4 Bf5+ 42. Kh4 Qf2# 0-1

[Event "A Stately Dance"]
[Site "http://www.queenalice.com/game.php?id=895559"]
[Date "2011.2.3"]
[Round "-"]
[White "KingJohn"]
[Black "PauperRon"]
[Result "1-0"]
[WhiteElo "1669"]
[BlackElo "1766"]

1. d4 d5 2. Nc3 e6 3. Nf3 Bb4 4. Bd2 Nf6 5. a3 Bxc3 6. Bxc3 Nc6 7. e3 a6 8. Ng5
h6 9. Nf3 O-O 10. Ne5 Nxe5 11. dxe5 Ne4 12. Bd3 Nxc3 13. bxc3 Qg5 14. O-O Qxe5
15. c4 c6 16. cxd5 cxd5 17. Re1 f5 18. f4 Qc3 19. h3 Qf6 20. c4 d4 21. e4 fxe4
22. Rxe4 Rd8 23. Qe2 b6 24. Rf1 Ra7 25. Re5 g6 26. g4 Rg7 27. Kh2 Rd6 28. Rf2
Kh7 29. g5 hxg5 30. fxg5 Qe7 31. Rf6 Qe8 32. Qf2 Kg8 33. h4 Kh8 34. Rf8+ 1-0

[Event "Turmoil"]
[Site "http://www.queenalice.com/game.php?id=898001"]
[Date "2011.2.9"]
[Round "-"]
[White "PauperRon"]
[Black "Timinator"]
[Result "0-1"]
[WhiteElo "1746"]
[BlackElo "1444"]

1. e4 c5 2. Bc4 e6 3. Nc3 Qb6 4. Nf3 a6 5. O-O Bd6 6. d3 Qc7 7. g3 b5 8. Bb3 b4
9. Na4 Nf6 10. Re1 Bb7 11. Bg5 Ng4 12. Nh4 Ne5 13. Bf4 Nbc6 14. Bxe5 Nxe5 15. c4
g5 16. Nf3 Nxf3+ 17. Qxf3 f5 18. Qh5+ Kd8 19. Qxg5+ Be7 20. Qg7 Rf8 21. Bc2 Qd6
22. b3 Kc7 23. Re2 Bf6 24. Qh6 Bxa1 25. Qe3 Bd4 26. Qd2 f4 27. Kh1 fxg3 28. hxg3
e5 29. Bd1 Rf3 30. Kg2 Raf8 31. Qc2 Qe6 32. Rd2 R3f6 33. f3 d6 34. Nb2 Bc8 35.
g4 h5 36. Kg3 hxg4 37. fxg4 Rf4 38. Rg2 Qh6 39. Rh2 Qg5 40. Rh4 Bf2+ 41. Kh3
Qxh4+ 42. Kg2 Qg3+ 43. Kf1 Be3+ 44. Ke2 Qf2# 0-1

[Event "Into the Quagmire"]
[Site "http://www.queenalice.com/game.php?id=918113"]
[Date "2011.3.27"]
[Round "-"]
[White "Timinator"]
[Black "PauperRon"]
[Result "0-1"]
[WhiteElo "1472"]
[BlackElo "1718"]

1. e4 e5 2. Bc4 Nf6 3. Nf3 d6 4. O-O Be7 5. d3 O-O 6. Bg5 Nh5 7. h4 Bg4 8. Qd2
Bxf3 9. gxf3 h6 10. Be3 Bxh4 11. Rd1 c5 12. Kf1 Bg5 13. Ke2 Bxe3 14. fxe3 Ng3+
15. Kf2 Qh4 16. Nc3 Nxe4+ 17. Ke2 Qf2# 0-1

[Event "Finally Spring"]
[Site "http://www.queenalice.com/game.php?id=928686"]
[Date "2011.4.21"]
[Round "-"]
[White "PauperRon"]
[Black "Timinator"]
[Result "1-0"]
[WhiteElo "1724"]
[BlackElo "1476"]

1. e4 Nc6 2. Bb5 e5 3. Bxc6 dxc6 4. a3 Be6 5. d3 Qf6 6. Nf3 O-O-O 7. Bg5 Qg6 8.
Bxd8 Qxg2 9. Rg1 Qh3 10. Bh4 Bg4 11. Bg3 Be7 12. Nbd2 b5 13. Bxe5 f6 14. Bg3 Bd6
15. Qe2 Be6 16. O-O-O Qh6 17. Nd4 Kd7 18. Nxe6 Kxe6 19. Qg4+ Ke7 20. f4 g6 21.
Rde1 f5 22. Qg5+ Kf7 23. Qxh6 Nxh6 24. h3 c5 25. e5 Be7 26. c4 a6 27. Nf3 Rd8
28. Kc2 g5 29. fxg5 Ng8 30. h4 b4 31. a4 a5 32. b3 Bf8 33. e6+ Kg6 34. Bxc7 Rc8
35. Bf4 Rc7 36. Bxc7 Ne7 37. Bd6 f4 38. Bxe7 Bxe7 39. Re4 Kf5 40. Ne5 h6 41. Nc6
Bxg5 42. hxg5 hxg5 43. e7 f3 44. e8=Q g4 45. Rgxg4 1-0

[Event "Got Style?"]
[Site "http://www.queenalice.com/game.php?id=947461"]
[Date "2011.6.8"]
[Round "-"]
[White "PauperRon"]
[Black "Timinator"]
[Result "1-0"]
[WhiteElo "1730"]
[BlackElo "1449"]

1. e4 Nc6 2. d4 e5 3. d5 Nce7 4. Nf3 f6 5. Be2 d6 6. h3 a6 7. O-O g5 8. Nh2 Ng6
9. Bh5 Qe7 10. Nc3 Bd7 11. Be3 O-O-O 12. Bg4 Bh6 13. Bxd7+ Qxd7 14. Qg4 Nh4 15.
Qxd7+ Rxd7 16. g3 Ng6 17. Ne2 N8e7 18. c4 f5 19. exf5 Nxf5 20. Ng4 Bg7 21. Bxg5
h6 22. Bf6 h5 23. Bxg7 Rxg7 24. Nf6 h4 25. g4 Nf4 26. Nxf4 exf4 27. Rad1 Rg6 28.
Ne4 Re8 29. Rfe1 b5 30. b3 Kd7 31. Kf1 Nh6 32. g5 Nf7 33. Nf6+ Rxf6 34. gxf6 Ng5
35. Rxe8 Kxe8 36. Kg2 f3+ 37. Kh2 Kf7 38. Rd4 Kxf6 39. Rxh4 Ke5 40. Rh5 Kf5 41.
h4 Kg4 42. Rxg5+ Kf4 43. Rg7 Ke4 44. Rxc7 Kd3 45. h5 b4 46. h6 Kc2 47. h7 Kb2
48. h8=Q+ Kxa2 49. Qa8 Kxb3 50. Qxa6 Kc3 51. Qxd6 b3 52. Qa3 Kc2 53. Rb7 b2 54.
Rxb2+ Kd1 55. Qa1# 1-0

[Event "Who Pulled the Plug?"]
[Site "http://www.queenalice.com/game.php?id=1023177"]
[Date "2012.1.31"]
[Round "-"]
[White "Timinator"]
[Black "PauperRon"]
[Result "0-1"]
[WhiteElo "1434"]
[BlackElo "1735"]

1. Nf3 d5 2. d4 f6 3. e3 Bg4 4. g3 e6 5. h3 Bxf3 6. Qxf3 Nd7 7. Bd3 Bd6 8. e4 c6
9. O-O dxe4 10. Qxe4 e5 11. Re1 Qc7 12. Nc3 O-O-O 13. d5 Nc5 14. Qf5+ Kb8 15.
dxc6 Ne7 16. Qg4 Nxc6 17. Nb5 Qe7 18. b4 Nxd3 19. cxd3 Bxb4 20. Re4 Rxd3 21. Be3
b6 22. a3 Bd2 23. Ra2 Bxe3 24. fxe3 a6 25. Nd4 Nxd4 26. exd4 Rxd4 27. Qe2 Rhd8
28. Rxd4 Rxd4 29. Qxa6 Qc5 30. Kh2 Qc6 31. a4 Qb7 32. Qb5 Ka7 33. h4 Rd5 34. Qb4
Rd1 35. a5 Qh1# 0-1

[Event "May Day!"]
[Site "http://www.queenalice.com/game.php?id=1061999"]
[Date "2012.5.21"]
[Round "-"]
[White "PauperRon"]
[Black "Timinator"]
[Result "1-0"]
[WhiteElo "1739"]
[BlackElo "1425"]

1. e4 e5 2. Bc4 Bc5 3. Nf3 d6 4. h3 Nf6 5. d3 c6 6. Ng5 d5 7. exd5 cxd5 8. Bb5+
Bd7 9. Bxd7+ Qxd7 10. O-O O-O 11. Re1 Nc6 12. Be3 Bxe3 13. Rxe3 d4 14. Rf3 h6
15. Ne4 Nxe4 16. dxe4 f5 17. exf5 e4 18. Rf4 Rae8 19. Nd2 Rxf5 20. Rxe4 Ref8 21.
f3 h5 22. Qe2 Ne7 23. Rxe7 Qc8 24. Nb3 Kh7 25. Nxd4 Rd5 26. Qe4+ Kg8 27. Qxd5+
Kh7 28. Qxh5+ Kg8 29. Qg6 Rf7 30. Qxf7+ Kh7 31. Qxg7# 1-0